00638nam a2200181Ia 4500952013100000999001700131003000400148005001700152008004100169020001800210040000900228082001800237100003100255245006600286260005300352300000900405942004200414 00102ddc40708ISLAMaMESbMEScISLd2019-02-20g400.00l0o297.63 KHA/Ep38789r2019-02-20 00:00:00w2019-02-20yBKzGL46R4 c23439d23439OSt20200519101243.0190216s9999||||xx |||||||||||||| ||und|| a9798174355880 coclc a297.63bKHA/E aKhan, Mohammad Akram92410 0aEconomic Teachings Of Prophet Muhammad /cMohammad Akram Khan bAdam Publishers&Distributors,c2009.aNew Delhi: a440p cBK2ddch297.63iKHA/Ek297.63mKHA/E